LEADER 01231nam a2200301 u 4500 001 000000091594 003 CaOOAMICUS 005 20070226124840.0 008 060322s1917 it u000 u grc u 035 $a11082557 040 $aPUL(R)$bita 041 0 $agrc$aita 100 0 $aHomerus,$dsec. VIII a.C.$0(OLS)http://pul/name/7026 240 10$aIlias$9(Homerus, sec. VIII a.C.).$0(OLS)http://pul/title/70609 245 13$aIl libro VI dell'Iliade /$cOmero ; con note italiane del prof. Salvatore Rossi. 250 $a2. ed. riveduta. 260 $aLivorno :$bR. Giusti,$c1917. 300 $avi, 32 p. ;$c19 cm 490 1 $aBiblioteca di classici greci commentati per le scuole 700 1 $aRossi, Salvatore.$0(OLS)http://pul/name/37404 830 0$aBiblioteca di classici greci commentati per le scuole.$0(OLS)http://pul/title/111789 850 $aPUL 852 $aPUL$W1$xDP1 Fondo Gelio$y54$m1 C 40$j115345$nBK-PRI$b $qFondi$B115345$CPULBib$Z2$F115345 $H $81 900 $aHomer$97026 900 $aOmero$dsec. VIII a.C.$97026 941 1 $a1 996 $6245$aIl libro VI dell'Iliade$9(OLS)http://pul/title/118200 996 $6260$aLivorno :$bR. Giusti$9(OLS)http://pul/publisher/58031 LEADER 01270nam a2200325 a 4500 001 000000136204 003 CaOOAMICUS 005 20220621145833.0 008 131114s1985 it u000 u ita r 032 $aLibriCat 040 $aPUL$bita 041 1 $aita$heng 082 04$a200.9 130 0 $aHistory of religion.$lItaliano.$0(OLS)http://pul/title/172232 245 10$aStudi di storia delle religioni /$ca cura di Mircea Eliade e Joseph M. Kitagawa. 260 $aFirenze :$bSansoni,$cİ1985. 300 $a183 p. ;$c21 cm 490 1 $aNuovi saggi 504 $aBibliografia in nota. 650 4$aReligioni$xStoria.$0(OLS)http://pul/subject/130 700 1 $aEliade, Mircea,$d1907-1986.$0(OLS)http://pul/name/1652 700 1 $aKitagawa, Joseph M.$0(OLS)http://pul/name/87692 830 0$aNuovi saggi (Sansoni).$0(OLS)http://pul/title/57991 850 $aPUL 852 $aPUL$W1$xSL Religione 3$y85$m200. 9 ELIMI 1$j156974$qDDC 21$B156387$CPULBib$Z2$F156387 $H123130 $82 941 1 $a9 996 $6082$a200.9$9(OLS)http://pul/classification/2577 996 $6245$aStudi di storia delle religioni$9(OLS)http://pul/title/172233 996 $6260$aFirenze :$bSansoni$9(OLS)http://pul/publisher/47896 LEADER 01353nam a2200325 a 4500 001 000000151493 003 CaOOAMICUS 005 20160503113733.0 008 160503s2016 it u000 u ita r 020 $a978-88-7578-617-5* 032 $aLibriCat 040 $aPUL$bita 041 1 $aita$heng 082 04$a658.8 100 1 $aAnderson, Chris.$0(OLS)http://pul/name/96386 240 10$aLong tail.$lItaliano.$0(OLS)http://pul/title/190763 245 13$aLa coda lunga :$bda un mercato di massa a una massa di mercati /$cChris Anderson ; traduzione di Susanna Bourlot. 260 $aTorino :$bCodice edizioni,$cİ2016. 300 $aXXVIII, 265 p. ;$c22 cm. 504 $aBibliografia in nota. 650 4$aMarketing.$0(OLS)http://pul/subject/7374 700 1 $aBourlot, Susanna.$0(OLS)http://pul/name/94335 850 $aPUL 852 $aPUL$W1$xSL Cons. Gen., Altre Classi 3$y75$m658. 8 ANDCH 1$j174058$qDDC 21$B176511$CPULBib$Z2$F176511 $H127675 $81 941 1 $a9 996 $6020$a978-88-7578-617-5*$9(OLS)http://pul/number/160348 996 $6082$a658.8$9(OLS)http://pul/classification/1888 996 $6245$aLa coda lunga :$bda un mercato di massa a una massa di mercati$9(OLS)http://pul/title/190764 996 $6260$aTorino :$bCodice edizioni$9(OLS)http://pul/publisher/81165